Folk Heritage of Pakistan Vol-1 (Record no. 63650)

000 -LEADER
fixed length control field 00525nam a22001817a 4500
003 - CONTROL NUMBER IDENTIFIER
control field NUST - PNEC
005 - DATE AND TIME OF LATEST TRANSACTION
control field 20170116180819.0
008 - FIXED-LENGTH DATA ELEMENTS--GENERAL INFORMATION
fixed length control field 150612b xxu||||| |||| 00| 0 eng d
020 ## - INTERNATIONAL STANDARD BOOK NUMBER
International Standard Book Number -
040 ## - CATALOGING SOURCE
Transcribing agency LIBRARY
082 ## - DEWEY DECIMAL CLASSIFICATION NUMBER
Classification number 954.81 IFH
100 ## - MAIN ENTRY--PERSONAL NAME
9 (RLIN) 3931
Personal name IFH (Institute of Folk Heritage)
245 ## - TITLE STATEMENT
Title Folk Heritage of Pakistan Vol-1
Statement of responsibility, etc. Institute of Folk Heritage
260 ## - PUBLICATION, DISTRIBUTION, ETC.
Place of publication, distribution, etc. Islamabad:
Name of publisher, distributor, etc. Institute of Folk Heritage,
300 ## - PHYSICAL DESCRIPTION
Extent 218 p. :
Other physical details ill.,;
Dimensions 27 cm.
650 ## - SUBJECT ADDED ENTRY--TOPICAL TERM
9 (RLIN) 3932
Topical term or geographic name entry element Folk Pakistan
General subdivision General
942 ## - ADDED ENTRY ELEMENTS (KOHA)
Source of classification or shelving scheme
Koha item type Book
Holdings
Withdrawn status Lost status Source of classification or shelving scheme Damaged status Not for loan Permanent Location Current Location Shelving location Date acquired Source of acquisition Cost, normal purchase price Total Checkouts Full call number Barcode Date last seen Cost, replacement price Price effective from Koha item type
          Pakistan Navy Engineering College (PNEC) Pakistan Navy Engineering College (PNEC)   12/16/1985 Royal Books/Library/Reference Grant 85.00   954.81 IFH PNECLIB-006731 06/12/2015 85.00 06/12/2015 Book
© 2023 Central Library, National University of Sciences and Technology. All Rights Reserved.